000
00233nam a22000857a 4500
008
161024b xxu||||| |||| 00| 0 eng d
100
_9
951
_a
Jai Singh.S.etal.
245
_a
Mathematics-Class-6
260
_a
New Delhi
_b
Amity Publications
_c
2009
999
_c
3607
_d
3607